LDR 00565naa#a2200169#i#450# 001 EN\\bibl\122419 005 20260512031619.2 011 ## _a1998-6785 100 ## _a20231221b2023####ek#y0engy0150####ca 102 ## _aRU 200 1# _aYakutsk townspeople everyday life and traditional culture revitalization _eJournal article 210 1# _aVladivostok _cVladivostok State University _d2023 215 ## _a8 с. 608 ## _aJournal article _2local 675 ## _aГородская жизнь. Жизнь улицы. 394.014 _z 700 #1 _aYakovlev _gAital Igorevich 856 4# _avvgu.editorum.ru _u